Layout : (λέι-άουτ) ουσ. η διάταξη και οργάνωση των στοιχείων ενός design
Αποθηκεύτηκε σε:
| Κύριος συγγραφέας: | |
|---|---|
| Άλλοι συγγραφείς: | |
| Μορφή: | Βιβλίο |
| Γλώσσα: | Greek English |
| Δημοσίευση: |
[Χ. τ.] :
Dart Books,
c2006.
|
| Σειρά: | Βασική γραφιστική ;
2 |
| Θέματα: | |
| Ετικέτες: |
Προσθήκη ετικέτας
Δεν υπάρχουν, Καταχωρήστε ετικέτα πρώτοι!
|
MARC
| LEADER | 00000cam a2200000 i 4500 | ||
|---|---|---|---|
| 001 | 1/89153 | ||
| 008 | 080619s2006 gr | ||| |||| ||gre|| | ||
| 020 | |a 9608911745 | ||
| 035 | |l 10098295 | ||
| 040 | |a GR-MyUa |b gre |e AACR2 | ||
| 041 | 1 | |a gre |h eng | |
| 082 | 7 | |a 658.2252 |2 (22) | |
| 100 | 1 | |a Ambrose, Gavin. | |
| 245 | 1 | 0 | |a Layout : |b (λέι-άουτ) ουσ. η διάταξη και οργάνωση των στοιχείων ενός design / |c Ambrose [Gavin], Harris [Paul]. |
| 260 | |a [Χ. τ.] : |b Dart Books, |c c2006. | ||
| 300 | |a 175 σ. : |b εικ. (μερ. έγχρ.) ; |c 23 εκ. | ||
| 490 | 1 | |a (Βασική γραφιστική ; |v 2) | |
| 500 | |a Τίτλος πρωτοτύπου: Basics design : layout. | ||
| 650 | 0 | |a Layout (Printing) | |
| 650 | 0 | |a Graphic design (Typography) | |
| 700 | 1 | |a Harris, Paul, |d 1971- | |
| 830 | 0 | |a Βασική γραφιστική ; |v 2 | |
| 852 | |a INST |b LESVOS |e 20100531 |h 686.2252 AMB |p 005100047517 |q 005100047517 |t BK |y 0 | ||
| 852 | |a INST |b LESVOS |e 20100531 |h 686.2252 AMB |p 005100047518 |q 005100047518 |t BK |y 0 | ||
| 852 | |a INST |b LESVOS |e 20100531 |h 686.2252 AMB |p 005100047519 |q 005100047519 |t BK |y 0 | ||
| 852 | |a INST |b LESVOS |e 20110829 |h 686.2252 AMB |p 005100049881 |q 005100049881 |t BK |y 0 | ||
| 852 | |a INST |b SYROS |e 20080619 |h 686.2252 AMB |p 005500005799 |q 005500005799 |t BK |y 0 | ||
| 852 | |a INST |b SYROS |e 20120326 |h 686.2252 AMB |p 005500010042 |q 005500010042 |t BK |y 4 |x 20201111 | ||
| 901 | |a BIBL5-2012-1 | ||
| 901 | |a BIBL5-2008-2 | ||
| 901 | |a BIBL1-2010-2 | ||
| 901 | |a BIBL1-2011-2 | ||
| 920 | |a Γκικόντες |b Ευάγγελος |y Σύρος |z 2012-03 | ||
| 922 | |a 5ΕΛΗ |b 200802 |c ΕΠΕΑΕΚ2/ΤΜΣΠΣ |d Σ. Πατάκης | ||
| 970 | |a Κοντού |b Παρασκευή |z 19/06/2008 | ||